[Event "POL-chT Academic"]
[Site "Chorzow"]
[Date "2022.04.03"]
[Round "8.2"]
[White "Fus, Jakub"]
[Black "Snihur, Piotr"]
[Result "1/2-1/2"]
[WhiteElo "2261"]
[BlackElo "2017"]
[PlyCount "77"]
[EventDate "2022.04.02"]
[EventType "team-swiss (rapid)"]
[EventRounds "9"]
[EventCountry "POL"]
[SourceTitle "EXT 2024"]
[Source "ChessBase"]
[SourceDate "2023.10.10"]
[SourceVersion "1"]
[SourceVersionDate "2023.10.10"]
[SourceQuality "1"]

1. d4 Nf6 2. Nf3 e6 3. c4 Bb4+ 4. Bd2 Qe7 5. Nc3 Bxc3 6. Bxc3 Ne4 7. Rc1 0-0 8. e3 Nxc3 9. Rxc3 d6 10. Be2 Nc6 11. 0-0 e5 12. Qc2 Bg4 13. d5 Nb4 14. Qb3 a5 15. a3 Na6 16. Qc2 b6 17. Nxe5 Qxe5 18. Bxg4 f5 19. Bf3 Nc5 20. b3 Rae8 21. g3 g5 22. b4 axb4 23. axb4 Ne4 24. Rd3 Rf6 25. Rd4 g4 26. Bg2 h5 27. Ra1 h4 28. Kf1 hxg3 29. hxg3 Rh6 30. Ra7 Rh7 31. c5 bxc5 32. bxc5 Nxc5 33. Rf4 Rf8 34. e4 fxe4 35. Bxe4 Nxe4 36. Qxe4 Rxf4 37. Qxf4 Qxf4 38. gxf4 Rf7 39. Kg2 1/2-1/2

[Event "EU-ch Blitz"]
[Site "Katowice"]
[Date "2021.12.17"]
[Round "19"]
[White "Spalir, Jernej"]
[Black "Snihur, Piotr"]
[Result "0-1"]
[WhiteElo "2373"]
[BlackElo "2279"]
[PlyCount "44"]
[EventDate "2021.12.17"]
[EventType "swiss (blitz)"]
[EventRounds "22"]
[EventCountry "POL"]
[SourceTitle "CBM 205 Extra"]
[Source "ChessBase"]
[SourceDate "2022.01.31"]
[SourceVersion "1"]
[SourceVersionDate "2022.01.31"]
[SourceQuality "1"]

1. d4 Nf6 2. Nf3 e6 3. c4 Bb4+ 4. Bd2 Qe7 5. g3 0-0 6. Bg2 Nc6 7. 0-0 d6 8. Bg5 a6 9. a3 Ba5 10. b4 Bb6 11. c5 dxc5 12. dxc5 Rd8 13. Qc2 Ba7 14. Nc3 Bd7 15. Ne4 e5 16. Nxf6+ gxf6 17. Bh4 Qe6 18. e3 b6 19. Rfd1 bxc5 20. bxc5 Rab8 21. Nd2 f5 22. Nc4 Re8 0-1

[Event "Ustron op-A"]
[Site "Ustron"]
[Date "2021.08.18"]
[Round "7"]
[White "Nguyen, Piotr"]
[Black "Snihur, Piotr"]
[Result "0-1"]
[WhiteElo "2412"]
[BlackElo "2228"]
[PlyCount "104"]
[EventDate "2021.08.13"]
[EventType "swiss"]
[EventRounds "9"]
[EventCountry "POL"]
[SourceTitle "CBM 203 Extra"]
[Source "ChessBase"]
[SourceDate "2021.09.30"]
[SourceVersion "1"]
[SourceVersionDate "2021.09.30"]
[SourceQuality "1"]

1. d4 d5 2. Nf3 Nf6 3. g3 e6 4. Bg2 b5 5. a4 b4 6. c4 bxc3 7. Nxc3 Ba6 8. Bf4 Bd6 9. 0-0 0-0 10. Ne5 Nfd7 11. Re1 Nxe5 12. dxe5 Bb4 13. Bd2 Nc6 14. Nb5 Bxd2 15. Qxd2 Nxe5 16. e4 Nc4 17. Qc3 c6 18. Nd4 Rc8 19. b3 Qa5 20. Qxa5 Nxa5 21. b4 c5 22. bxc5 dxe4 23. Rac1 Rfd8 24. Rxe4 Bd3 25. Rh4 e5 26. Nb5 a6 27. Na3 Nb3 28. Rc3 Rxc5 29. Rxc5 Nxc5 30. Nc4 e4 31. Ne3 g6 32. f3 f5 33. fxe4 Nxe4 34. Rf4 Rb8 35. Bxe4 Bxe4 36. h4 Rb3 37. Kf2 h5 38. g4 hxg4 39. Nxg4 Kg7 40. Ne5 Ra3 41. Nc4 Rxa4 42. Nd2 Bc6 43. Rxa4 Bxa4 44. Ke3 Kh6 45. Kf4 Kh5 46. Kg3 Bc6 47. Nc4 Bd5 48. Na5 Ba8 49. Nb3 Be4 50. Kh3 Bc2 51. Na5 f4 52. Nc6 Bf5+ 0-1

[Event "Ustron op-A"]
[Site "Ustron"]
[Date "2021.08.15"]
[Round "4"]
[White "Snihur, Piotr"]
[Black "Czerw, Dawid"]
[Result "1/2-1/2"]
[WhiteElo "2228"]
[BlackElo "2264"]
[PlyCount "44"]
[EventDate "2021.08.13"]
[EventType "swiss"]
[EventRounds "9"]
[EventCountry "POL"]
[SourceTitle "CBM 203 Extra"]
[Source "ChessBase"]
[SourceDate "2021.09.30"]
[SourceVersion "1"]
[SourceVersionDate "2021.09.30"]
[SourceQuality "1"]

1. e4 c5 2. Nf3 d6 3. d4 cxd4 4. Nxd4 Nf6 5. Nc3 Nc6 6. Be2 e5 7. Nb3 Be7 8. Be3 a5 9. a4 Be6 10. 0-0 0-0 11. f4 Nb4 12. Kh1 exf4 13. Bxf4 d5 14. e5 Ne4 15. Nd4 Bc5 16. Nxe6 fxe6 17. Nxe4 dxe4 18. Bc4 Nd5 19. Qg4 Qe8 20. Bg3 Qg6 21. Qxg6 hxg6 22. Rfe1 e3 1/2-1/2

[Event "Ustron op-A"]
[Site "Ustron"]
[Date "2021.08.14"]
[Round "2"]
[White "Snihur, Piotr"]
[Black "Fus, Jakub"]
[Result "1/2-1/2"]
[WhiteElo "2228"]
[BlackElo "2386"]
[PlyCount "78"]
[EventDate "2021.08.13"]
[EventType "swiss"]
[EventRounds "9"]
[EventCountry "POL"]
[SourceTitle "CBM 203 Extra"]
[Source "ChessBase"]
[SourceDate "2021.09.30"]
[SourceVersion "1"]
[SourceVersionDate "2021.09.30"]
[SourceQuality "1"]

1. c4 c6 2. d4 d5 3. Nf3 e6 4. e3 Nf6 5. Nbd2 c5 6. dxc5 Bxc5 7. Qc2 Be7 8. Bd3 Nc6 9. a3 Bd7 10. 0-0 Rc8 11. Qb1 a5 12. b3 0-0 13. Bb2 h6 14. Rd1 Qc7 15. cxd5 Nxd5 16. Nc4 Rfd8 17. Nfe5 Bf6 18. Bh7+ Kf8 19. Nxd7+ Rxd7 20. Bxf6 Nxf6 21. Rxd7 Nxd7 22. Bd3 Nce5 23. Bf1 Ng4 24. g3 b5 25. Nd2 Nde5 26. Ra2 Qc1 27. Qxc1 Rxc1 28. Kg2 b4 29. axb4 axb4 30. h3 Nf6 31. Ra4 Nd5 32. Nc4 Nd7 33. e4 Nc3 34. Ra7 Nc5 35. e5 f6 36. Ra8+ Ke7 37. Ra7+ Kf8 38. Ra8+ Ke7 39. Ra7+ Kf8 1/2-1/2

[Event "POL-ch Academic"]
[Site "Chorzow"]
[Date "2021.05.15"]
[Round "6.7"]
[White "Snihur, Piotr"]
[Black "Molenda, Marcin"]
[Result "0-1"]
[WhiteElo "2228"]
[BlackElo "2362"]
[PlyCount "68"]
[EventDate "2021.05.14"]
[EventType "swiss (rapid)"]
[EventRounds "9"]
[EventCountry "POL"]
[SourceTitle "CBM 202 Extra"]
[Source "ChessBase"]
[SourceDate "2021.07.31"]
[SourceVersion "1"]
[SourceVersionDate "2021.07.31"]
[SourceQuality "1"]

1. Nf3 c5 2. c4 g6 3. e3 Bg7 4. Nc3 Nf6 5. d4 cxd4 6. Nxd4 0-0 7. Be2 Nc6 8. Nxc6 bxc6 9. 0-0 d5 10. Qa4 Qb6 11. Rd1 e6 12. Bd2 Bd7 13. Qa3 e5 14. Na4 Qd8 15. Bc3 Re8 16. Nc5 Bf8 17. b4 Bf5 18. cxd5 cxd5 19. Bb5 Re7 20. f4 Ng4 21. Bc6 Nxe3 22. Bxe5 Nxd1 23. Rxd1 Rc8 24. Bxd5 Qb6 25. Bd4 Bg7 26. Bf2 Qc7 27. Qf3 Rce8 28. h3 Qb8 29. a3 Qc7 30. Bb3 Rd8 31. Rxd8+ Qxd8 32. Kh2 Qd2 33. Bd5 h5 34. Bh4 Re3 0-1

[Event "POL-ch Academic"]
[Site "Chorzow"]
[Date "2021.05.15"]
[Round "9.15"]
[White "Snihur, Piotr"]
[Black "Tomaszewski, Kacper"]
[Result "1/2-1/2"]
[WhiteElo "2228"]
[BlackElo "2302"]
[PlyCount "35"]
[EventDate "2021.05.14"]
[EventType "swiss (rapid)"]
[EventRounds "9"]
[EventCountry "POL"]
[SourceTitle "CBM 202 Extra"]
[Source "ChessBase"]
[SourceDate "2021.07.31"]
[SourceVersion "1"]
[SourceVersionDate "2021.07.31"]
[SourceQuality "1"]

1. e4 c6 2. Nf3 d5 3. Nc3 Nf6 4. d3 dxe4 5. Nxe4 Nxe4 6. dxe4 Qxd1+ 7. Kxd1 Bg4 8. Be2 Nd7 9. Nd2 Bxe2+ 10. Kxe2 e6 11. a4 0-0-0 12. Nc4 Bc5 13. f3 Nb6 14. Ne5 Rhf8 15. a5 Nd7 16. Nd3 Bd6 17. Be3 Kb8 18. g3 1/2-1/2

[Event "Ustron op-A"]
[Site "Ustron"]
[Date "2020.08.19"]
[Round "7"]
[White "Snihur, Piotr"]
[Black "Burdalev, Kirill"]
[Result "0-1"]
[WhiteElo "2243"]
[BlackElo "2383"]
[PlyCount "84"]
[EventDate "2020.08.15"]
[EventType "swiss"]
[EventRounds "9"]
[EventCountry "POL"]
[SourceTitle "CBM 197 Extra"]
[Source "ChessBase"]
[SourceDate "2020.09.30"]
[SourceVersion "1"]
[SourceVersionDate "2020.09.30"]
[SourceQuality "1"]

1. e4 e6 2. d4 d5 3. Nd2 Nf6 4. e5 Nfd7 5. f4 c5 6. Ngf3 Nc6 7. dxc5 Bxc5 8. Nb3 Bb6 9. Bd3 Nc5 10. Nxc5 Bxc5 11. Qe2 Qb6 12. c3 a5 13. g3 a4 14. Kf1 Bd7 15. Kg2 h6 16. Bd2 d4 17. c4 a3 18. b3 Bb4 19. Rad1 0-0-0 20. Rc1 Qc5 21. Rhd1 Bxd2 22. Rxd2 Nb4 23. Be4 Bc6 24. Bxc6 Qxc6 25. c5 b5 26. Kg1 d3 27. Qf2 Nc2 28. Ne1 Nxe1 29. Qxe1 Rd4 30. Qe3 Rhd8 31. Rc3 Qd5 32. c6 b4 33. Rc1 Re4 34. Qa7 Qd4+ 35. Qxd4 Rdxd4 36. Rcd1 g5 37. fxg5 hxg5 38. Rxd3 Rxd3 39. Rxd3 Re2 40. Rd4 Rxa2 41. Rxb4 Rb2 42. Ra4 a2 0-1

[Event "Ustron op-A"]
[Site "Ustron"]
[Date "2020.08.16"]
[Round "4"]
[White "Snihur, Piotr"]
[Black "Chylewski, Patryk"]
[Result "1/2-1/2"]
[WhiteElo "2243"]
[BlackElo "2337"]
[PlyCount "51"]
[EventDate "2020.08.15"]
[EventType "swiss"]
[EventRounds "9"]
[EventCountry "POL"]
[SourceTitle "CBM 197 Extra"]
[Source "ChessBase"]
[SourceDate "2020.09.30"]
[SourceVersion "1"]
[SourceVersionDate "2020.09.30"]
[SourceQuality "1"]

1. d4 Nf6 2. Nf3 d5 3. c4 e6 4. g3 Bb4+ 5. Bd2 Bd6 6. Bg2 c6 7. Qc2 Nbd7 8. 0-0 0-0 9. Bf4 Bxf4 10. gxf4 b6 11. cxd5 Nxd5 12. e3 Bb7 13. Nc3 c5 14. Rfd1 Nxc3 15. Qxc3 Qe7 16. Rac1 Rfd8 17. dxc5 Nxc5 18. b4 Ne4 19. Rxd8+ Rxd8 20. Qc7 Rd1+ 21. Bf1 Qxc7 22. Rxc7 Nd6 23. Rd7 h6 24. Kg2 Bxf3+ 25. Kxf3 Rxf1 26. Rxd6 1/2-1/2

[Event "POL-chT 2nd League"]
[Site "Jastrzebia Gora"]
[Date "2019.09.12"]
[Round "6.11"]
[White "Snihur, Piotr"]
[Black "Pniaczek, Marek"]
[Result "1-0"]
[WhiteElo "2232"]
[BlackElo "2226"]
[PlyCount "65"]
[EventDate "2019.09.07"]
[EventType "team-swiss"]
[EventRounds "9"]
[EventCountry "POL"]
[SourceTitle "EXT 2020"]
[Source "ChessBase"]
[SourceDate "2019.10.17"]
[SourceVersion "1"]
[SourceVersionDate "2019.10.17"]
[SourceQuality "1"]
[WhiteTeam "Konin UKS Smecz"]
[BlackTeam "Chrzanow Olimpijczyk"]
[WhiteTeamCountry "POL"]
[BlackTeamCountry "POL"]

1. e4 e5 2. Nf3 Nc6 3. Bb5 a6 4. Ba4 Nf6 5. Qe2 b5 6. Bb3 Bc5 7. c3 0-0 8. 0-0 Re8 9. Rd1 Bb7 10. d3 h6 11. Nbd2 d5 12. Nf1 dxe4 13. dxe4 Qc8 14. Bc2 Qe6 15. Be3 Bxe3 16. Nxe3 Rad8 17. Nd2 Ne7 18. a4 Qb6 19. Bd3 Ng6 20. g3 c6 21. b4 Nf8 22. Nb3 Ne6 23. Nf5 bxa4 24. Rxa4 c5 25. Nd2 Ng5 26. bxc5 Qxc5 27. Rc4 Nh3+ 28. Kg2 Qxf2+ 29. Kxh3 Nxe4 30. Nxh6+ gxh6 31. Nxe4 Bc8+ 32. Rxc8 Qf5+ 33. Qg4+ 1-0

[Event "POL-chT 2nd League"]
[Site "Jastrzebia Gora"]
[Date "2019.09.08"]
[Round "2.7"]
[White "Snihur, Piotr"]
[Black "Chojnacki, Krzysztof"]
[Result "1/2-1/2"]
[WhiteElo "2232"]
[BlackElo "2362"]
[PlyCount "144"]
[EventDate "2019.09.07"]
[EventType "team-swiss"]
[EventRounds "9"]
[EventCountry "POL"]
[SourceTitle "EXT 2020"]
[Source "ChessBase"]
[SourceDate "2019.10.17"]
[SourceVersion "1"]
[SourceVersionDate "2019.10.17"]
[SourceQuality "1"]
[WhiteTeam "Konin UKS Smecz"]
[BlackTeam "Chrobry Gniezno"]
[WhiteTeamCountry "POL"]
[BlackTeamCountry "POL"]

1. d4 d5 2. c4 e6 3. Nc3 a6 4. cxd5 exd5 5. Bf4 Nf6 6. e3 Bd6 7. Bxd6 Qxd6 8. Bd3 0-0 9. h3 c5 10. dxc5 Qxc5 11. Nf3 Nc6 12. 0-0 Be6 13. Rc1 Rfd8 14. Ne2 Qb4 15. Qc2 Rac8 16. a3 Qb6 17. Qb1 Ne4 18. Rfd1 Re8 19. Ned4 h6 20. Nxe6 Rxe6 21. Nd4 Ree8 22. Bxe4 Rxe4 23. Nf5 Re5 24. Rd4 h5 25. Rd2 Rce8 26. Rcd1 Rd8 27. b4 g6 28. Nd4 Ree8 29. Ne2 Re5 30. Qb2 Kh7 31. Nd4 Ree8 32. Nf3 Ne7 33. Qd4 Qxd4 34. Rxd4 Rc8 35. Ne5 Kg7 36. Nd7 Rc6 37. Nc5 Rc7 38. Nd3 Rc3 39. a4 Ra3 40. a5 b6 41. axb6 Rb8 42. Rc1 Rxb6 43. Rc7 Kf8 44. Nf4 Rf6 45. g3 Ra1+ 46. Kg2 Ra2 47. Rxe7 Rxf4 48. gxf4 Kxe7 49. Rxd5 Ra4 50. b5 axb5 51. Rxb5 Kf6 52. Kf3 Ra2 53. Rb6+ Kg7 54. Kg3 Re2 55. Rb4 Kf6 56. e4 Re1 57. Rb6+ Kg7 58. e5 Re2 59. Rb7 Re1 60. Ra7 Re2 61. f3 Kf8 62. Ra5 Kg7 63. f5 gxf5 64. Kf4 f6 65. exf6+ Kxf6 66. Ra6+ Kg7 67. Kxf5 Rh2 68. Kg5 Rxh3 69. Ra7+ Kf8 70. f4 Rb3 71. f5 Rb6 72. f6 Rb1 1/2-1/2

[Event "POL-chT 2nd League"]
[Site "Jastrzebia Gora"]
[Date "2019.09.07"]
[Round "1.2"]
[White "Stachowiak, Kamil"]
[Black "Snihur, Piotr"]
[Result "1/2-1/2"]
[WhiteElo "2444"]
[BlackElo "2232"]
[PlyCount "31"]
[EventDate "2019.09.07"]
[EventType "team-swiss"]
[EventRounds "9"]
[EventCountry "POL"]
[SourceTitle "EXT 2020"]
[Source "ChessBase"]
[SourceDate "2019.10.17"]
[SourceVersion "1"]
[SourceVersionDate "2019.10.17"]
[SourceQuality "1"]
[WhiteTeam "Wroclaw Polonia"]
[BlackTeam "Konin UKS Smecz"]
[WhiteTeamCountry "POL"]
[BlackTeamCountry "POL"]

1. Nf3 Nf6 2. c4 e6 3. g3 d5 4. Bg2 Nbd7 5. d4 dxc4 6. 0-0 Rb8 7. a4 a6 8. a5 b5 9. axb6 Bb7 10. bxc7 Qxc7 11. Bd2 Bd6 12. Ba5 Qc6 13. Nbd2 0-0 14. Qc2 Rfc8 15. Rfc1 Qb5 16. Bc3 1/2-1/2